| 000 | 02368cas a2200577 i 4500 | ||
|---|---|---|---|
| 999 |
_c200448371 _d66583 |
||
| 003 | TR-AnTOB | ||
| 005 | 20220404163307.0 | ||
| 008 | 851028d19851994nyuar s i0 0eng c | ||
| 010 |
_a86640935 _zsn 85024642 |
||
| 016 | _a(AMICUS)000005585248 | ||
| 035 | _a(OCoLC)ocm12727935 | ||
| 040 |
_aIXA _beng _erda _cIXA _dHUL _dDLC _dNST _dDLC _dAGL _dIUL _dNST _dNYG _dHUL _dNST _dOCL _dNST _dDLC _dNST _dEYM _dGUA _dIUL _dDLC _dHLS _dMYG _dIUL _dNLGGC _dDLC _dTULIB _dOCLCQ _dIUL _dOCLCF _dOCLCO _dI8M _dOCLCQ _dCSJ _dNLC _dOCLCQ _dCEF _dCPO _dOCLCQ _dTR-AnTOB |
||
| 041 | 0 |
_aeng _aara _afre _ajpn _arus _aspa |
|
| 042 | _apcc | ||
| 043 | _ad------ | ||
| 050 | 0 | 0 |
_aHC59.69 _b.I53 |
| 070 | 0 | _aHC59.7.I47 | |
| 072 | 0 | _aX700 | |
| 090 | _aTOBBK HC59.69 .I53 | ||
| 245 | 0 | 0 |
_aIndustry and development. _pGlobal report / _cUnited Nations Industrial Development Organization. |
| 246 | 3 | 0 | _aGlobal report |
| 264 | 1 |
_aNew York : _bUnited Nations, _c1985-1993. |
|
| 300 |
_avolumes : _billustrations ; _c30 cm |
||
| 310 | _aAnnual | ||
| 336 |
_atext _btxt _2rdacontent |
||
| 337 |
_aunmediated _bn _2rdamedia |
||
| 338 |
_avolume _bnc _2rdacarrier |
||
| 362 | 0 | _a1985-1993/94. | |
| 546 | _aArabic, English, French, Japanese, Russian and Spanish. | ||
| 590 | _aSERBIB/SERLOC merged record | ||
| 650 | 0 |
_aIndustries _zDeveloping countries _vPeriodicals. _9128630 |
|
| 650 | 0 |
_aEconomic development _vPeriodicals _919814 |
|
| 650 | 0 | _aEconomic development. | |
| 650 | 0 | _aIndustrialization. | |
| 650 | 0 |
_aIndustries _zDeveloping countries. |
|
| 650 | 7 |
_aEconomic development. _2fast _0(OCoLC)fst00901785 |
|
| 650 | 7 |
_aIndustrialization. _2fast _0(OCoLC)fst00971825 |
|
| 650 | 7 |
_aIndustries. _2fast _0(OCoLC)fst00971852 |
|
| 650 | 1 | 7 |
_aIndustriƫle ontwikkeling. _2gtt |
| 651 | 7 |
_aDeveloping countries. _2fast _0(OCoLC)fst01242969 |
|
| 653 |
_aIndustrial statistics -- _aYearbooks |
||
| 653 |
_aIndustry -- _aDeveloping countries -- _aStatistics |
||
| 653 |
_aIndustrial development -- _aStatistical yearbooks |
||
| 655 | 7 |
_aPeriodicals. _2fast _0(OCoLC)fst01411641 |
|
| 710 | 2 |
_aUnited Nations Industrial Development Organization _943398 |
|
| 776 | 0 | 8 |
_iOnline version: _tIndustry and development. Global report _w(OCoLC)622903714 |
| 785 | 0 | 0 |
_tIndustrial development global report _w(DLC) 97651228 _w(OCoLC)35338090 |
| 942 |
_2z _cCR |
||